000 01790cam a2200493 4500
002 6247
008 090401t2004 xxu||||| |||| 00| 0 eng d
020 _a040690314X
035 _a(Sirsi) u99850
041 _aeng.
050 _a306.52026
_c18
110 _aWinkworth Sherwood
_94646
245 _aSocial housing law
_ba practical approach
260 _aLondon
_bReed Elsevier
_c2004
300 _axxxviii, 514p
_c25cm.
350 _a69
505 _aHousing procurement and facilitation.
505 _aFunding and finance.
505 _aConstitution, governance and regulation of registered social landlords.
505 _aLandlord and tenant.
520 _aAimed at the non-lawyer, this book provides coverage of the grant and termination of tenancies, forms of low-cost home ownership, the right to buy and issues such as succession and assignment and rural issues. Examines different initiatives for delivering new housing and the investment in existing stock. Discusses homelessness, supported housing, anti-social behaviour, human rights and housing and discrimination. Contains a brief chapter on EU law.
650 _aHOUSING POLICY
650 _aHOUSING LAW
650 _aREGISTERED SOCIAL LANDLORDS
650 _aSTOCK TRANSFER
650 _aSOCIAL HOUSING
650 _aHOMELESSNESS
650 _aSUPPORTED HOUSING
650 _aSECURE TENANCY
650 _aASSURED TENANCY
650 _aRIGHTS TO BUY
650 _aBEST VALUE
650 _aFUNDING
650 _aHOUSING CORPORATION
650 _aSUCCESSION
650 _aASSIGNMENT
650 _aPOSSESSION
650 _aANTI-SOCIAL BEHAVIOUR
650 _aHUMAN RIGHTS
650 _aDISCRIMINATION
690 _aAffordable housing
_96215
942 _n0
948 _c21/04/1999
999 _c99491
_d99491